Paul Jacob Marpergers ... Beschreibung der Messen und Jahr-Märckte : in welcher vornemlich enthalten ob und wie weit dieselbe einer Stadt und einem Land profitable oder schädlich seyn ... wobey ferner ein in doppelten Posten, oder nach italiänischer Buchhaltungs-Manier eingerichteter Entwurff einer Leipziger Oster-Mess Verrichtung gegeben ... wird.

Bibliographic Details
Main Author: Marperger, Paul Jacob, 1656-1730
Format: eBook
Language:German
Latin
Published: Leipzig : Bey J.F. Gleditsch, 1710.
Series:Making of the modern world (Goldsmiths'-Kress Library of Economic Literature)
Subjects:
Online Access:Connect to the full text of this electronic book

MARC

Tag First Indicator Second Indicator Subfields
LEADER 00000cam a2200000Ia 4500
001 in00002300713
005 20190326203528.0
006 m | d |
007 cr |n||||||||n
008 910417s1710 gw s 001 0 ger d
040 |a NYG  |c GKS  |d OCL  |d Thomson Gale  |d UtOrBLW 
041 0 |a ger  |a lat 
100 1 |a Marperger, Paul Jacob,  |d 1656-1730. 
240 1 0 |a Beschreibung der Messen und Jahr-Märckte 
245 1 0 |a Paul Jacob Marpergers ... Beschreibung der Messen und Jahr-Märckte :  |b in welcher vornemlich enthalten ob und wie weit dieselbe einer Stadt und einem Land profitable oder schädlich seyn ... wobey ferner ein in doppelten Posten, oder nach italiänischer Buchhaltungs-Manier eingerichteter Entwurff einer Leipziger Oster-Mess Verrichtung gegeben ... wird. 
264 1 |a Leipzig :  |b Bey J.F. Gleditsch,  |c 1710. 
300 |a 480, 236 pages ;  |c 17 cm. 
336 |a text  |b txt  |2 rdacontent 
337 |a computer  |b c  |2 rdamedia 
338 |a online resource  |b cr  |2 rdacarrier 
500 |a Chapter 10 begins again with page 1. 
500 |a Includes index. 
500 |a Reproduction of original from Kress Library of Business and Economics, Harvard University. 
500 |a Goldsmiths'-Kress number 04630.10. 
510 4 |a OCLC,  |c 23477720 
533 |a Electronic reproduction.  |b Farmington Hills, Mich. :  |c Thomson Gale,  |d 2005.  |f (The making of the modern world).  |n Available via the World Wide Web.  |n Access limited to licensing agreements.  |7 s2005 miunns 
500 |a Electronic resource. 
650 0 |a Fairs. 
650 0 |a Fairs  |z Germany  |z Leipzig. 
650 0 |a Markets  |z Europe. 
655 0 |a Electronic books. 
830 0 |a Making of the modern world (Goldsmiths'-Kress Library of Economic Literature) 
856 4 0 |u http://proxy.library.tamu.edu/login?url=http://galenet.galegroup.com/servlet/MOME?af=RN&ae=U100469425&srchtp=a&ste=14&locID=txshracd2898  |z Connect to the full text of this electronic book  |t 0 
999 |a MARS 
999 f f |s fe5abb10-3f95-3d28-932c-2ad5f88cb214  |i 38fd15c1-7b20-3ef8-a3ab-e97e50a911dc  |t 0 
952 f f |a Texas A&M University  |b College Station  |c Electronic Resources  |d Available Online  |t 0  |h No information provided 
998 f f |t 0  |l Available Online